International conciliation
Descripción Física:
; 20 cm
Otros Autores:
Carnegie Endowment for International Peace
MARC
| LEADER | 00000nam a2200000Ia 4500 | ||
|---|---|---|---|
| 001 | 15925 | ||
| 008 | 160829s9999 xx 000 0 cat d | ||
| 008 | 160829s9999 xx 000 0 cat d | ||
| 080 | |a M-5-103 | ||
| 245 | |a International conciliation | ||
| 260 | |a New York : |b Carnegie Endowment for International Peace, [1907] - [1972] | ||
| 300 | |a ; |c 20 cm | ||
| 362 | |a No. 1-no. 587 (mar. 1972) | ||
| 590 | |a Mensual, 1907-1924 ; 10 núms. a l'any, 1925-1952. | ||
| 590 | |a Descripció basada en: No. 281 (June, 1932). | ||
| 590 | |a Passat com a monografia | ||
| 650 | |a Pau |x Revistes |9 29921 | ||
| 650 | |a Arbitratge internacional |x Revistes |9 29922 | ||
| 700 | |a Carnegie Endowment for International Peace |9 29923 | ||
| 866 | |a 1932 (281) | ||
| 901 | |a Arxiu | ||
| 942 | |n 1 | ||
| 952 | |0 0 |1 0 |4 0 |6 M5103 |7 1 |9 45169 |a Arxiu |b Arxiu |d 2016-12-01 |l 0 |o M-5-103 |p 15925 |r 2016-12-01 00:00:00 |w 2016-12-01 |y ARXIU | ||
| 999 | |c 48240 |d 48240 | ||